000 00937nam a22002537a 4500
005 20240530110403.0
008 150126s2010 ua of g b 000 0 ara d
040 _aEG-CaGPL
041 0 _aara
082 0 4 _221
_a949.5\
_bل ت
100 0 _aلطفى عبدالوهاب يحيى
245 1 0 _aتاريخ اليونان و الرومان :
_bموضوعات مختارة /
_cلطفى عبدالوهاب يحيى
260 _aالاسكندرية :
_bدار المعرفة الجامعية ،
_c2010
300 _a320 ص :
_bايض ؛
_c24 سم
504 _aببليوجرافية : ص 299 - 302
651 0 4 _aاليونان
_xتاريخ
651 0 4 _aاليونان
_vصور
651 0 4 _aايطاليا
_xتاريخ
651 0 4 _aاسبرطة
_xتاريخ
651 0 4 _aاليونان
_xالاحوات السياسية
651 0 4 _aاثينة
_xتاريخ
942 _2ddc
_cBK
999 _c60297
_d60297